01034 2200337 4500001002100000005001500021035002000036007000300056008004100059020002200100040002200122082001500144084001700159090002200176100002900198245006800227250003000295300004000325650003600365700003000401850001200431041001300443504003300456264003400489336002100523337003000544338002300574999002200597546005500619990002200674INLIS00000000087529720221114110135 a0010-1122000253ta221114s2022 yoi f ind d a978-623-261-484-0 aYOPDYOGbinderda04223a297.14 a297.14 KAM s aCB-D.11 2022-16470 aKamalid1992-epengarang10aSistem waris Islam praktis /cKamali; penyunting, Akhmad Rofiki aCetakan I, September 2022 axxii, 146 halaman :btabel ;c20 cm 4aWaris dan pewaris (Hukum Islam)0 aAkhmad Rofikiepenyunting aYOPDYOG aindgara aBibliografi: halaman 143-14431aBantul :bSamudra Biru,c2022 2rdacontentateks 2rdamediaatanpa perantara 2rdacarrieravolume aCB-D.11/2022-1647 ateks terdiri dari bahasa Indonesia dan bahasa Arab aCB-D.11/2022-1647